| 000 | 00463nam a2200181Ia 4500 | ||
|---|---|---|---|
| 003 | GCL | ||
| 008 | 140319s9999 xx 000 0 eng d | ||
| 040 |
_aGCL / _cGCL |
||
| 082 | 0 | 4 |
_a973.7 _bA P |
| 100 | 1 | _aANGLE, PAUL M. | |
| 245 | 1 | 0 |
_aA PICTORIAL HISTORY OF THE CIVIL WAR YEARS / _cANGLE, PAUL M. |
| 260 |
_a[S.N] : _bNELSON DOUBLEDAY, INC. ، _c1967 |
||
| 300 | _a242 P | ||
| 650 | 0 | 4 | _aCIVIL WAR |
| 650 | 0 | 4 | _aHISTORY |
| 650 | 0 | 4 | _aWAR |
| 942 |
_2ddc _cBK |
||
| 999 |
_c22152 _d22152 |
||